| 000 | 01087nam a2200265 a 4500 | ||
|---|---|---|---|
| 001 | BRCA_3934 | ||
| 005 | 20190320204501.0 | ||
| 008 | 110110s1885----mx-a######---#000-0#spa-# | ||
| 041 | _aspa | ||
| 044 | _amx | ||
| 050 | 4 |
_aF1219 _b.P46 1885 |
|
| 100 | 1 |
_aPeñafiel, Antonio. _910237 |
|
| 245 | 1 | 0 |
_aNombres geográficos de México _bcatálogo alfabético de los nombres de lugar pertenecientes al idioma Nahuatl, estudio jeroglífico de la matrícula de los tributos del Códice Mendocino _cPeñafiel, Antonio. |
| 260 |
_aMéxico _bSecretaría de Fomento _c1885 |
||
| 300 |
_a260 p. _bil., atlas con 39 láminas _c30 cm. |
||
| 500 | _aDibujos de las Antigüedades mexicanas de Lord Kingsborough por Domingo Carral y grabados por Domingo Carral y grabados por Antonio H. Galaviz. | ||
| 500 | _aC85 | ||
| 650 | 1 | 4 |
_aEscritura pictórica mexicana _910238 |
| 650 | 1 | 4 |
_aNahuatl _910239 |
| 650 | 1 | 4 |
_aCódice Mendocino _910240 |
| 650 | 1 | 4 |
_aNombres Geográficos _eMéxico _910241 |
| 700 | 1 |
_aKinsgsborough, Edward King _cvisconde de, _f1795-1837 _910242 |
|
| 902 | _aGFM | ||
| 942 |
_2lcc _cB |
||
| 999 |
_c3661 _d3661 |
||